Gespeichert in:
| Format: | Text |
|---|---|
| Veröffentlicht: |
s.l:
s.e.
|
| Tags: |
Tag hinzufügen
Keine Tags, Fügen Sie den ersten Tag hinzu!
|
MARC
| LEADER | 00000 a a2200000 04500 | ||
|---|---|---|---|
| 001 | 22758 | ||
| 003 | |||
| 040 | |||
| 090 | |a 156400 | ||
| 260 | |a s.l: |b s.e. | ||
| 999 | |c 12485 |d 12485 | ||
